LIBRARY & INFORMATION CENTRE, KCAET, TAVANUR

ONLINE PUBLIC ACCESS CATALOGUE (OPAC)

Beejasamkalanam / (Record no. 6067)

MARC details
000 -LEADER
fixed length control field 00598cam a2200253ua 4500
041 ## - LANGUAGE CODE
Language code of text/sound track or separate title mal
082 ## - DEWEY DECIMAL CLASSIFICATION NUMBER
Classification number 574.16
Item number AUS/BE
100 ## - MAIN ENTRY--AUTHOR NAME
Personal name Austin, .
245 ## - TITLE STATEMENT
Title Beejasamkalanam /
250 ## - EDITION STATEMENT
Edition statement 1 /
260 ## - PUBLICATION, DISTRIBUTION, ETC. (IMPRINT)
Place of publication Thiruvananthapuram :
Name of publisher State Instititute of Languages ,
Year of publication 1973.
300 ## - PHYSICAL DESCRIPTION
Number of Pages 188 ; .
942 ## - ADDED ENTRY ELEMENTS (KOHA)
Koha item type Books
Holdings
Withdrawn status Lost status Damaged status Home library Current library Date acquired Full call number Accession Number Koha item type
    Damaged KAUAET KAUAET 07/04/2012 574.16 13709 Books
      KAUAET KAUAET 07/04/2012 574.16 13711 Books
      KAUAET KAUAET 07/04/2012 574.16 13710 Books
      KAUAET KAUAET 07/04/2012 574.16 14048 Books
      KAUAET KAUAET 07/04/2012 574.16 14049 Books
      KAUAET KAUAET 07/04/2012 574.16 13712 Books
      KAUAET KAUAET 07/04/2012 574.16 13708 Books
free website counter